00348cam a22001097a 4500008004000000082002300040100002500063245004500088260005800133300001100191440003600202180718b1966 xxu||||| |||| 00| 0 eng d aA81x5434 In2/61/15 aCensus of India 1961 aRajasthan district census handbook, Pali aJaipurbThe Director of Printing and Stationeryc1966 a264+p. aCensus of India 1961. Rajasthan